000 01004nam a2200289 i 4500
001 12115
003 KOSZ 005
005 20200630132825.0
008 070712s1970 pl f 001 0 pol
015 _aPB 1970/3277
040 _aWA N
_cKOSZ 005/RW
_dKOSZ 005/RW
080 _a512:513:519
100 1 _aBalcerzyk, Stanisław
_d(1932-2005).
_eAutor
245 1 0 _aWstęp do algebry homologicznej /
_cStanisław Balcerzyk.
260 _aWarszawa :
_bPaństwowe Wydawnictwo Naukowe,
_c1970.
300 _a438, [2] s. ;
_c25 cm.
380 _aKsiążki.
490 1 _aBiblioteka Matematyczna ;
_vt. 34.
504 _aBibliogr. s. [427]-428. Indeks.
655 4 _aPodręcznik
650 4 _aAlgebra
650 4 _aTopologia algebraiczna
710 2 _aPaństwowe Wydawnictwo Naukowe
_4pbl.
830 0 _aBiblioteka Matematyczna,
_vt. 34.
856 _uhttp://koha.tu.koszalin.pl/cgi-bin/koha/opac-detail.pl?biblionumber=12115
_yKatalog online BPK
942 _2UKD
_cKS
999 _c12115
_d12115